| 000 | 00000nam 2200000za 4500 |
| 001 | 9.846383 |
| 003 | CaOODSP |
| 005 | 20221107153206 |
| 007 | cr ||||||||||| |
| 008 | 171031s1944 onc |o f|0| 0 eng d |
| 040 | |aCaOODSP|beng |
| 043 | |an-cn--- |
| 086 | 1 |aCS13-D-67/1944E-PDF |
| 245 | 00|aEstimated national income of Canada in the calendar year 1942 and in the twelve months ended June 30, 1943 |h[electronic resource]. |
| 260 | |aOttawa : |bDominion Bureau of Statistics, |c1944. |
| 300 | |a34 p. |
| 500 | |aCover title. |
| 500 | |a"According to the Canadian and the American methods." |
| 500 | |aDigitized edition from print [produced by Statistics Canada]. |
| 692 | 07|2gccst|aNational income |
| 710 | 1 |aCanada.|bDominion Bureau of Statistics.|bBusiness Statistics Branch. |
| 710 | 1 |aCanada. |bDepartment of Trade and Commerce. |
| 856 | 40|qPDF|s5.00 MB|uhttps://publications.gc.ca/collections/collection_2017/statcan/CS13-D-67-1944-eng.pdf |
| 986 | |a13-D-67 |